000 00854nam a22002777a 4500
003 CHAP
005 20220329134716.0
008 971013s1978 br r 00010 por d
010 _a24561
011 _a25533
035 _a29633
040 _cCHAP
082 _a633.73
_bI55
110 _aInstituto Brasileiro do Café
_959078
245 1 _aCafé
_b: legislacao brasileira, 1952-1977
260 _aRío de Janeiro :
_bInstituto Brasileiro do Café,
_c1978
300 _a426 p
590 _aBATCH-UPD
_b10
_c20130110
_lUCH01
_h2228
590 _aBATCH-UPD
_b10
_c20130410
_lUCH01
_h1524
590 _aBATCH-UPD
_b10
_c20130914
_lUCH01
_h0810
590 _aCONVERSION
_b10
_c20130109
_lUCH01
_h1314
650 1 4 _aCafé
_xLeyes
_zBrasil.
_917165
901 _aBK
942 _cLIBRO
949 _a633.73 I55
_bBC
_cLIBRO
_d33724000198834
_eLIBRO
_h47125
_i29633
_mD
_si
999 _c24561
_d24561